000 00502nam a2200181Ia 4500
001 12084
005 20260306162915.0
008 260306t2025||||xx |||||||||||||| ||spa||
041 _aESP
082 _aHR 340
_bMAR 2025 DJ
110 _aGaceta Jurídica
245 0 _aDiálogo con la jurisprudencia :
_bactualidad jurisprudencial para jueces, fiscales y abogados litigantes
260 _c2025
300 _a247 páginas :
_c24 cm.
650 _aGEN
654 _aCDE
942 _cREV
_dJUS
_fJUS
_2ddc
_n
999 _c12084
_d12084